Central Library OPAC University of Rajshahi

Communication policies in the Federal Republic of Germany : (Record no. 36281)

MARC details
000 -LEADER
fixed length control field 01139cam a2200301 i 4500
001 - CONTROL NUMBER
control field 36281
003 - CONTROL NUMBER IDENTIFIER
rucl marc code BD-RjUL
005 - DATE AND TIME OF LATEST TRANSACTION
control field 20211209052450.0
008 - FIXED-LENGTH DATA ELEMENTS--GENERAL INFORMATION
fixed length control field 140619s1974 fr b i000 0 eng
020 ## - INTERNATIONAL STANDARD BOOK NUMBER
International Standard Book Number 9231011847
035 ## - SYSTEM CONTROL NUMBER
System control number (BD-RjUL)36378
040 ## - CATALOGING SOURCE
Original cataloging agency DLC
Transcribing agency DLC
Modifying agency BD-RjUL
Language of cataloging eng
041 ## - LANGUAGE CODE
Language code of text/sound track or separate title eng
082 00 - DEWEY DECIMAL CLASSIFICATION NUMBER
Classification number 363.240943
Author mark and year MAC 1974
100 1# - MAIN ENTRY--PERSONAL NAME
Personal name Mahle, Walter A.
9 (RLIN) 110423
245 10 - TITLE STATEMENT
Title Communication policies in the Federal Republic of Germany :
Remainder of title a study carried out by the Arbeitsgemeinschaft für Kommunikationsforschung /
Statement of responsibility, etc. and written by Walter A. Mahle and Rolf Richter.
260 ## - PUBLICATION, DISTRIBUTION, ETC. (IMPRINT)
Place of publication, distribution, etc. Paris :
Name of publisher, distributor, etc. Unesco Press,
Date of publication, distribution, etc. 1974.
300 ## - PHYSICAL DESCRIPTION
Pagination 86 p. ;
Size 25 cm.
500 ## - GENERAL NOTE
General note One of a series of studies undertaken as part of a program adopted by the General Conference of Unesco.
504 ## - BIBLIOGRAPHY, ETC. NOTE
Bibliography, etc Includes bibliographical references.
650 #0 - SUBJECT ADDED ENTRY--TOPICAL TERM
Topical term or geographic name as entry element Communication policy
Geographic subdivision Germany (West)
9 (RLIN) 110424
700 1# - ADDED ENTRY--PERSONAL NAME
Personal name Richter, Rolf,
Dates associated with a name active 1973-
Relator term joint author.
710 2# - ADDED ENTRY--CORPORATE NAME
Corporate name or jurisdiction name as entry element Arbeitsgemeinschaft für Kommunikationsforschung.
9 (RLIN) 110426
Corporate name or jurisdiction name as entry element Unesco.
9 (RLIN) 110427
942 ## - ADDED ENTRY ELEMENTS (KOHA)
Source of classification or shelving scheme Dewey Decimal Classification
Koha item type Books
Holdings
Lost status Source of classification or shelving scheme Damaged status Not for loan Collection code Permanent Location Current Location Shelving location Date acquired Source of acquisition Total Checkouts Full call number Date last seen Copy number Koha item type
  Dewey Decimal Classification   Not For Loan Non-fiction Central Library, University of Rajshahi Central Library, University of Rajshahi Reading Room 30/08/1982 UNESCO   363.240943 MAC 1974 19/06/2014 C-1 Books